Vista normal
Vista MARC
- Gambín Q., Yaily
Entrada Autor personal
Número de registros utilizados en: 1
001 - NUMERO DE CONTROL
- Campo de control: 1183
003 - IDENTIFICADOR DE NUMERO DE CONTROL
- Campo de control: CO-MdFUSB
005 - HORA Y FECHA DE LA ULTIMA TRANSACCIÓN
- Campo de control: 20180402152923.0
008 - CAMPO DE LONGITUD FIJA
- Campo fijo de descripción fija: 180402|| aca||aabn | a|a d
040 ## - AGENCIA DE CATALOGACIÓN ORIGINAL
- Lenguaje de catalogación: spa
- Agencia que hace la transcripción: CO-MdFUSB
100 ## - AUTOR PERSONAL
- Autor personal: Gambín Q., Yaily
370 ## - LUGARES ASOCIADOS
- País asociado: Colombia
373 ## - GRUPO ASOCIADO
- Grupo asociado: Fundación Universitaria Seminario Bíblico de Colombia
375 ## - GENERO
- Género: Femenino
377 ## - IDIOMA ASOCIADO
- Código del idioma: Español
670 ## - FUENTE EN LA QUE SE LOCALIZARON DATOS
- Fuente: Un análisis de algunos cambios relevantes en el estudio de la hermenéutica desde la publicación de José Martínez: hemenéutica bíblica, cómo interpretar las Sagradas Escrituras, 2017
- Fuente de información: (Yaily Gambín Q.)
